Diez días que conmovieron al mundo / John Reed (Registro nro. 6534)

Detalles MARC
000 -LEADER
fixed length control field 00449nam a22001691a 4500
001 - CONTROL NUMBER
control field 6534
003 - CONTROL NUMBER IDENTIFIER
control field OSt
005 - DATE AND TIME OF LATEST TRANSACTION
control field 20260204212055.0
008 - FIXED-LENGTH DATA ELEMENTS--GENERAL INFORMATION
fixed length control field 060601s1975||||ag ||||||b||||||||||spa||
050 ## - LIBRARY OF CONGRESS CALL NUMBER
Classification number 944 R252d
100 ## - ASIENTO PRINCIPAL -- NOMBRE PERSONAL
Personal name Reed, John
245 ## - TÍTULO PROPIAMENTE DICHO: SUBTÍTULO
Title Diez días que conmovieron al mundo / John Reed
264 ## - PRODUCTION, PUBLICATION, DISTRIBUTION, MANUFACTURE, AND COPYRIGHT NOTICE
Place of production, publication, distribution, manufacture Argentina : Industria Gráfica del Libro
300 ## - PHYSICAL DESCRIPTION
Extensión 167 p
650 ## - ASIENTO SECUNDARIO DE MATERIA -- TERMINO TEMÁTICO
Termino Temático Como Elemento de Entrada 1.Historia - Franca 2.Revolución FrancesaÌ
942 ## - ADDED ENTRY ELEMENTS (KOHA)
Source of classification or shelving scheme Dewey Decimal Classification
Koha item type Libros
Existencias
Withdrawn status Lost status Source of classification or shelving scheme Damaged status Not for loan Current library Date acquired Full call number Barcode Date last seen Price effective from Koha item type
  Faltante/Extraviado Dewey Decimal Classification     Biblioteca UTECO 09/09/2019 944 R252D 011493 09/09/2019 09/09/2019 Libros
© 2021 Derechos Reservados UTECO - Teléfono: +1 809-585-2291 - Correo electrónico: biblioteca@uteco.edu.do​  
Código postal 43000 ​​
Dirección: Avenida Universitaria No. 100, 
Cotuí, Provincia Sánchez Ramírez, República Dominicana - RNC: 404-00059-6